[Event "BEL-chT 1415"]
[Site "Belgium"]
[Date "2014.11.02"]
[Round "3.7"]
[White "Bruehl, Andreas"]
[Black "Sadikhov, Ulvi Ramil Oglu"]
[Result "1/2-1/2"]
[WhiteElo "2361"]
[BlackElo "2375"]
[PlyCount "106"]
[EventDate "2014.09.28"]
[EventType "team-swiss"]
[EventRounds "11"]
[EventCountry "BEL"]
[SourceTitle "EXT 2015"]
[Source "ChessBase"]
[SourceDate "2014.11.20"]
[SourceVersion "1"]
[SourceVersionDate "2014.11.20"]
[SourceQuality "1"]
[WhiteTeam "KSK Rochade"]
[BlackTeam "KGSRL"]
[WhiteTeamCountry "BEL"]
[BlackTeamCountry "BEL"]

1. d4 d6 2. e4 Nf6 3. Nc3 e5 4. dxe5 dxe5 5. Qxd8+ Kxd8 6. Bc4 Ke8 7. Nf3 Bd6 8. 0-0 c6 9. Ne1 Nbd7 10. Nd3 b5 11. Bb3 Ke7 12. Re1 a5 13. a4 b4 14. Nd1 Nc5 15. Nxc5 Bxc5 16. Be3 Nd7 17. Bc4 Rd8 18. f3 f6 19. Kf2 Bd4 20. Bxd4 exd4 21. b3 Ne5 22. Bd3 Be6 23. Ke2 c5 24. Nb2 c4 25. Bxc4 Bxc4+ 26. Nxc4 Rac8 27. Nxe5 fxe5 28. Rac1 Rc3 29. Red1 Rdc8 30. Kd2 Kf6 31. Rf1 Kg5 32. g3 Rf8 33. f4+ exf4 34. gxf4+ Rxf4 35. Rxf4 Kxf4 36. Rf1+ Kxe4 37. Rf7 Rh3 38. Re7+ Kd5 39. Rxg7 Rxh2+ 40. Kd3 Rh3+ 41. Kd2 h5 42. Rd7+ Kc5 43. Ra7 Kb6 44. Rd7 d3 45. cxd3 Kc5 46. Rc7+ Kd5 47. Rd7+ Ke6 48. Ra7 Ke5 49. Re7+ Kd4 50. Rd7+ Kc5 51. Rc7+ Kb6 52. Rh7 h4 53. Rh5 Ka6 1/2-1/2

[Event "Vienna op 18th"]
[Site "Vienna"]
[Date "2013.08.22"]
[Round "6"]
[White "Bruehl, Andreas"]
[Black "Stanec, Nikolaus"]
[Result "1/2-1/2"]
[WhiteElo "2343"]
[BlackElo "2515"]
[PlyCount "22"]
[EventDate "2013.08.17"]
[EventType "swiss"]
[EventRounds "9"]
[EventCountry "AUT"]
[SourceTitle "CBM 156 Extra"]
[Source "ChessBase"]
[SourceDate "2013.10.22"]
[SourceVersion "1"]
[SourceVersionDate "2013.10.22"]
[SourceQuality "1"]

1. d4 Nf6 2. c4 g6 3. Nc3 Bg7 4. Nf3 0-0 5. g3 c5 6. d5 d6 7. Bg2 a6 8. 0-0 b5 9. cxb5 axb5 10. Nxb5 Ba6 11. Nc3 Nbd7 1/2-1/2

[Event "Vienna op 18th"]
[Site "Vienna"]
[Date "2013.08.20"]
[Round "4"]
[White "Bruehl, Andreas"]
[Black "Sipila, Vilka"]
[Result "1-0"]
[WhiteElo "2343"]
[BlackElo "2474"]
[PlyCount "51"]
[EventDate "2013.08.17"]
[EventType "swiss"]
[EventRounds "9"]
[EventCountry "AUT"]
[SourceTitle "CBM 156 Extra"]
[Source "ChessBase"]
[SourceDate "2013.10.22"]
[SourceVersion "1"]
[SourceVersionDate "2013.10.22"]
[SourceQuality "1"]

1. d4 d5 2. c4 e6 3. Nc3 Be7 4. Nf3 Nf6 5. Bg5 h6 6. Bxf6 Bxf6 7. e3 0-0 8. Rc1 b6 9. cxd5 exd5 10. Be2 Re8 11. 0-0 Be6 12. b4 c6 13. Na4 Qd6 14. b5 Rc8 15. Nc3 Qa3 16. e4 dxe4 17. Nxe4 Be7 18. Ne5 cxb5 19. Rxc8+ Bxc8 20. Bxb5 Ba6 21. Be8 Bxf1 22. Bxf7+ Kh7 23. Qg4 g5 24. Qf5+ Kh8 25. Qg6 Be2 26. Qg8# 1-0

[Event "Vienna op 18th"]
[Site "Vienna"]
[Date "2013.08.19"]
[Round "3"]
[White "Snihur, Piotr"]
[Black "Bruehl, Andreas"]
[Result "0-1"]
[WhiteElo "2122"]
[BlackElo "2343"]
[PlyCount "134"]
[EventDate "2013.08.17"]
[EventType "swiss"]
[EventRounds "9"]
[EventCountry "AUT"]
[SourceTitle "CBM 156 Extra"]
[Source "ChessBase"]
[SourceDate "2013.10.22"]
[SourceVersion "1"]
[SourceVersionDate "2013.10.22"]
[SourceQuality "1"]

1. e4 e5 2. Nf3 Nc6 3. Bb5 a6 4. Ba4 Nf6 5. d4 exd4 6. 0-0 Be7 7. Re1 0-0 8. e5 Ne8 9. c3 dxc3 10. Nxc3 d6 11. exd6 Nxd6 12. Nd5 Re8 13. Ne5 Bd7 14. Nxd7 Qxd7 15. Bxc6 bxc6 16. Nxe7+ Rxe7 17. Rxe7 Qxe7 18. Be3 Nc4 19. Bd4 Rd8 20. Qg4 Ne5 21. Qe4 Rd5 22. Bc3 Qd6 23. Re1 f6 24. Qf5 Qd7 25. Qxd7 Nxd7 26. Kf1 Kf7 27. Re4 Nb6 28. Ke2 c5 29. b3 h5 30. h4 f5 31. Re5 c6 32. Re3 c4 33. Be5 Ra5 34. a4 cxb3 35. Bd4 Rxa4 36. Rxb3 Rxd4 37. Rxb6 Re4+ 38. Kf3 Rxh4 39. Rxc6 Ra4 40. g3 a5 41. Ra6 g6 42. Kg2 Kg7 43. Kh3 Kh6 44. Kh2 h4 45. Kh3 hxg3 46. Kxg3 Kg5 47. Kg2 Ra3 48. Rc6 a4 49. Rc4 Ra1 50. Rc6 a3 51. Ra6 Kh5 52. Ra5 a2 53. Ra4 g5 54. Ra5 Kg6 55. Ra6+ Kf7 56. Ra5 Ke6 57. f3 f4 58. Ra6+ Kf5 59. Ra5+ Kg6 60. Ra8 g4 61. Ra6+ Kg5 62. Ra5+ Kh4 63. Kh2 gxf3 64. Ra4 Kg4 65. Ra8 f2 66. Ra7 f1Q 67. Rg7+ Kf3 0-1

[Event "BEL-chT 1213"]
[Site "Belgium"]
[Date "2012.10.21"]
[Round "3.7"]
[White "Bruehl, Andreas"]
[Black "Van den Heede, Dorian"]
[Result "1/2-1/2"]
[WhiteElo "2337"]
[BlackElo "1965"]
[PlyCount "91"]
[EventDate "2012.09.23"]
[EventType "team-tourn"]
[EventRounds "11"]
[EventCountry "BEL"]
[SourceTitle "EXT 2013"]
[Source "ChessBase"]
[SourceDate "2012.11.22"]
[SourceVersion "1"]
[SourceVersionDate "2012.11.22"]
[SourceQuality "1"]
[WhiteTeam "Rochade"]
[BlackTeam "Zottegem"]
[WhiteTeamCountry "BEL"]
[BlackTeamCountry "BEL"]

1. d4 f5 2. c4 Nf6 3. g3 e6 4. Bg2 d5 5. Nf3 c6 6. 0-0 Bd6 7. b3 Qe7 8. Bb2 0-0 9. Qc1 b6 10. Ba3 Bb7 11. e3 Nbd7 12. Bxd6 Qxd6 13. Nbd2 Rac8 14. Qb2 Ba6 15. Rfd1 Ne4 16. Rac1 Qe7 17. b4 Nd6 18. Bf1 Bb7 19. c5 Ne4 20. Ne5 Ndf6 21. Qa3 Ra8 22. Qb3 Qe8 23. Nxe4 Nxe4 24. f3 Ng5 25. b5 cxb5 26. c6 Bxc6 27. f4 Nf7 28. Nxc6 a6 29. Qb4 Qd7 30. Qe7 Qd6 31. Qxd6 Nxd6 32. Ne7+ Kf7 33. Rc7 Kf6 34. Nc6 Rac8 35. Rxc8 Rxc8 36. Rc1 Nb7 37. Rc2 Na5 38. Nb4 Rxc2 39. Nxc2 Nc4 40. Kf2 Ke7 41. Nb4 a5 42. Nc6+ Kd6 43. Ne5 Na3 44. Ke1 b4 45. Ba6 Nb1 46. g4 1/2-1/2

[Event "Rheinland Pfalz op 4th"]
[Site "Altenkirchen"]
[Date "2012.06.09"]
[Round "6"]
[White "Bruehl, Andreas"]
[Black "Sumets, Andrey"]
[Result "0-1"]
[WhiteElo "2333"]
[BlackElo "2599"]
[PlyCount "68"]
[EventDate "2012.06.07"]
[EventType "swiss"]
[EventRounds "7"]
[EventCountry "GER"]
[SourceTitle "CBM 148 Extra"]
[Source "ChessBase"]
[SourceDate "2012.06.22"]
[SourceVersion "1"]
[SourceVersionDate "2012.06.22"]
[SourceQuality "1"]

1. d4 Nf6 2. c4 e6 3. Nf3 d5 4. Nc3 Bb4 5. e3 0-0 6. Bd3 c5 7. 0-0 dxc4 8. Bxc4 Nbd7 9. Qe2 cxd4 10. exd4 Nb6 11. Bd3 Bd7 12. Bg5 Bc6 13. Ne5 Be7 14. Nxc6 bxc6 15. Rfd1 Nbd5 16. Ne4 Qb6 17. Rac1 Rfb8 18. Nxf6+ Bxf6 19. Bxf6 Nxf6 20. b3 Rd8 21. Be4 Rd6 22. Bf3 Rad8 23. g3 Nd5 24. Rc4 Ne7 25. g4 Rxd4 26. Rdxd4 Rxd4 27. Rxd4 Qxd4 28. Qa6 g5 29. Qb7 Ng6 30. Qxc6 Qa1+ 31. Kg2 Nf4+ 32. Kg3 Qg1+ 33. Bg2 Ne2+ 34. Kh3 Qxf2 0-1

[Event "Rheinland Pfalz op 4th"]
[Site "Altenkirchen"]
[Date "2012.06.07"]
[Round "1"]
[White "Ringeltaube, Denny"]
[Black "Bruehl, Andreas"]
[Result "0-1"]
[WhiteElo "1749"]
[BlackElo "2333"]
[PlyCount "56"]
[EventDate "2012.06.07"]
[EventType "swiss"]
[EventRounds "7"]
[EventCountry "GER"]
[SourceTitle "CBM 148 Extra"]
[Source "ChessBase"]
[SourceDate "2012.06.22"]
[SourceVersion "1"]
[SourceVersionDate "2012.06.22"]
[SourceQuality "1"]

1. d4 d5 2. Nf3 Nf6 3. Bg5 Ne4 4. Bf4 e6 5. e3 g5 6. Bg3 h5 7. h3 Nxg3 8. fxg3 Bd6 9. Be2 Bxg3+ 10. Kd2 Nd7 11. Nc3 c6 12. Rf1 f5 13. Bd3 g4 14. Ng1 Nf6 15. Nge2 Bd6 16. a3 Bd7 17. Nf4 Qc7 18. b4 a5 19. b5 c5 20. b6 Qxb6 21. Rb1 Qc7 22. Nb5 Qc6 23. Nxd6+ Qxd6 24. c3 c4 25. Bc2 b5 26. Qc1 Kf7 27. Qe1 Qxa3 28. Ra1 Qb2 0-1

[Event "BEL-chT 1112"]
[Site "Belgium"]
[Date "2012.01.15"]
[Round "6.6"]
[White "Bruehl, Andreas"]
[Black "Kaufeld, Juergen"]
[Result "0-1"]
[WhiteElo "2346"]
[BlackElo "2261"]
[PlyCount "78"]
[EventDate "2011.10.09"]
[EventType "team-tourn"]
[EventRounds "11"]
[EventCountry "BEL"]
[SourceTitle "EXT 2013"]
[Source "ChessBase"]
[SourceDate "2012.11.22"]
[SourceVersion "1"]
[SourceVersionDate "2012.11.22"]
[SourceQuality "1"]
[WhiteTeam "Eupen Rochade"]
[BlackTeam "Eynatten"]
[WhiteTeamCountry "BEL"]
[BlackTeamCountry "BEL"]

1. d4 Nf6 2. c4 g6 3. Nf3 Bg7 4. g3 0-0 5. Bg2 d5 6. 0-0 dxc4 7. Na3 Nc6 8. Nxc4 Be6 9. b3 a5 10. a4 Bd5 11. Bb2 Nb4 12. e3 c6 13. Qe2 Be4 14. Nfe5 Bxg2 15. Kxg2 Ra6 16. e4 Qa8 17. Bc3 b6 18. f3 Rd8 19. Rac1 Qb7 20. Rfd1 e6 21. Ne3 b5 22. axb5 cxb5 23. Bxb4 axb4 24. Rc5 Rb6 25. Qc2 Ne8 26. Nc6 Ra8 27. Nxb4 Bf8 28. Qd2 Ra3 29. Rb1 Qa8 30. Rc2 h5 31. d5 Qd8 32. Nc6 Qg5 33. h4 Qh6 34. dxe6 fxe6 35. Nc4 bxc4 36. Ne7+ Kh7 37. Qxh6+ Kxh6 38. Nc8 Rbxb3 39. Rd1 Rxf3 0-1

[Event "BEL-chT 1011"]
[Site "Belgium"]
[Date "2010.10.10"]
[Round "2.6"]
[White "Broekmeulen, Jasper"]
[Black "Bruehl, Andreas"]
[Result "1-0"]
[WhiteElo "2371"]
[BlackElo "2350"]
[PlyCount "105"]
[EventDate "2010.09.26"]
[EventType "team-tourn"]
[EventRounds "11"]
[EventCountry "BEL"]
[SourceTitle "EXT 2012"]
[Source "ChessBase"]
[SourceDate "2011.11.24"]
[SourceVersion "1"]
[SourceVersionDate "2011.11.24"]
[SourceQuality "1"]
[WhiteTeam "Amay"]
[BlackTeam "Rochade"]
[WhiteTeamCountry "BEL"]
[BlackTeamCountry "BEL"]

1. e4 e5 2. Nf3 Nc6 3. d4 exd4 4. Nxd4 Nf6 5. Nc3 Bb4 6. Nxc6 bxc6 7. Bd3 d5 8. exd5 cxd5 9. 0-0 0-0 10. Bg5 c6 11. Qf3 Rb8 12. Ne2 Bg4 13. Qf4 Bd6 14. Qc1 h6 15. Bh4 Qc7 16. Bxf6 Bxe2 17. Bxe2 Bxh2+ 18. Kh1 Bf4 19. Qd1 gxf6 20. Bd3 Qe5 21. g3 Qg5 22. gxf4 Qh4+ 23. Kg2 Kh8 24. Rg1 Rg8+ 25. Kf3 Rxg1 26. Qxg1 Rg8 27. Qh1 Qg4+ 28. Ke3 Re8+ 29. Kd2 Qxf4+ 30. Kd1 f5 31. Qg2 Rg8 32. Qf1 c5 33. Qe1 c4 34. Bf1 Rg1 35. c3 Rh1 36. Qe2 d4 37. cxd4 Qxd4+ 38. Kc2 Rh2 39. Rd1 Qxf2 40. Rd2 Qxe2 41. Bxe2 h5 42. Bxc4 Rh4 43. Kc3 Kg7 44. Rd7 a5 45. Rxf7+ Kg6 46. Ra7 Rh3+ 47. Bd3 h4 48. Rxa5 Rf3 49. Ra8 Kg7 50. Re8 h3 51. Re2 Kf6 52. a4 f4 53. a5 1-0

[Event "Paderborn op"]
[Site "Paderborn"]
[Date "2009.12.28"]
[Round "4"]
[White "Roemhild, Marcus"]
[Black "Bruehl, Andreas"]
[Result "1-0"]
[WhiteElo "2158"]
[BlackElo "2368"]
[PlyCount "77"]
[EventDate "2009.12.27"]
[EventType "swiss"]
[EventRounds "7"]
[EventCountry "GER"]
[SourceTitle "CBM 134 Extra"]
[Source "ChessBase"]
[SourceDate "2010.03.03"]
[SourceVersion "1"]
[SourceVersionDate "2010.03.03"]
[SourceQuality "1"]

1. e4 e5 2. Nf3 Nc6 3. d4 exd4 4. Bc4 Nf6 5. e5 d5 6. Bb5 Ne4 7. Nxd4 Bd7 8. Bxc6 bxc6 9. 0-0 Bc5 10. f3 Ng5 11. f4 Ne4 12. Nc3 Bf5 13. Be3 Nxc3 14. bxc3 Be4 15. Qg4 Qe7 16. Rae1 Bxd4 17. Bxd4 g6 18. Qe2 0-0 19. Qf2 Rfb8 20. Bc5 Qe6 21. Rb1 a6 22. Rb3 Rb5 23. Rfb1 Qf5 24. R1b2 Re8 25. Be3 h5 26. h3 Reb8 27. Qe2 h4 28. Qf2 Qh5 29. Qe1 a5 30. a4 Rxb3 31. cxb3 Re8 32. b4 Bd3 33. bxa5 g5 34. fxg5 Rxe5 35. Qd2 Bc4 36. Rb8+ Kh7 37. Qc2+ Re4 38. Qf2 c5 39. Qf6 1-0

[Event "BEL-chT 0910"]
[Site "Belgium"]
[Date "2009.11.29"]
[Round "5"]
[White "Donovan, Linton"]
[Black "Bruehl, Andreas"]
[Result "1-0"]
[WhiteElo "2200"]
[BlackElo "2360"]
[PlyCount "41"]
[EventDate "2009.09.27"]
[EventType "team-tourn"]
[EventRounds "11"]
[EventCountry "BEL"]
[SourceTitle "EXT 2011"]
[Source "ChessBase"]
[SourceDate "2010.11.26"]
[SourceVersion "1"]
[SourceVersionDate "2010.11.26"]
[SourceQuality "1"]
[WhiteTeam "KBSK Brugge"]
[BlackTeam "KSK Rochade"]
[WhiteTeamCountry "BEL"]
[BlackTeamCountry "BEL"]

1. e4 e5 2. Bc4 Nf6 3. d3 c6 4. Bb3 d5 5. Nf3 Bd6 6. exd5 Nxd5 7. 0-0 0-0 8. Re1 Re8 9. Bg5 Qc7 10. c4 Ne7 11. d4 exd4 12. Qxd4 c5 13. Qh4 Be6 14. Nc3 a6 15. Nd5 Nxd5 16. cxd5 Bd7 17. Bc2 g6 18. Bh6 Rxe1+ 19. Rxe1 Qc8 20. Qf6 Bf8 21. Ng5 1-0